| 000 | 01120nam a2200313 i 4500 | ||
|---|---|---|---|
| 003 | DO-SdBNP | ||
| 005 | 20240826125436.0 | ||
| 007 | ta | ||
| 008 | 240820s2023 dr a 000 j spa d | ||
| 020 | _a9789945186062 | ||
| 040 |
_aDO-SdBNP _bspa _cBNPHU _erda |
||
| 082 | 4 |
_aRD863.44 _bG643c, 2023 _222 |
|
| 100 | 1 |
_aGonzález, Geraldino, _d1957- _eautor _920628 |
|
| 245 | 1 | 0 |
_aCuentos cortos / _cGeraldino González ; ilustraciones Dady romero ; presentación Cosette Bonnelly. |
| 250 | _a2a. edición | ||
| 264 |
_aSanto Domingo : _bEl Nuevo Diario, _c2023. |
||
| 300 |
_a60 páginas : _bilustraciones ; _c22 cm. |
||
| 336 |
_2rdaconten. _atexto _btxt |
||
| 337 |
_2rdamedia _asin mediación _bn |
||
| 338 |
_2rdacarrier _avolumen _bnc |
||
| 500 | _aIncluye datos biográficos del autor en la contraportada. | ||
| 590 | _aInventariado, 2024/ YL | ||
| 650 | 0 |
_aCuentos dominicanos _9176 |
|
| 650 | 0 |
_aLiteratura dominicana. _967 |
|
| 700 | 1 |
_aRomero, Dady _eilustraciones _986363 |
|
| 700 | 1 |
_aBonnelly, Cosette, _928830 _epresentación |
|
| 910 | _aYLockward/ Validado. Control de calidad MFF | ||
| 942 |
_2ddc _cLBS1 |
||
| 999 |
_c57490 _d57490 |
||